Man's Best Friend- Sabrina Carpenter - Statistics

General Stats
  • This quiz has been taken 170 times
  • The average score is 10 of 12
Answer Stats
Track # Title % Correct
Track 1 Manchild
98%
Track 2 Tears
94%
Track 11 House Tour
91%
Track 6 Nobody's Son
90%
Track 9 Go Go Juice
88%
Track 12 Goodbye
87%
Track 8 When Did You Get Hot?
84%
Track 3 My Man on Willpower
79%
Track 4 Sugar Talking
77%
Track 7 Never Getting Laid
76%
Track 5 We Almost Broke Up Again Last Night
73%
Track 10 Don't Worry I'll Make You Worry
72%
No matching quizzes found
Score Distribution
Percent of People with Each Score
Percentile by Number Answered
Your Score History
You have not taken this quiz